Statistiques concernant Vainqueurs de l'ATP Finals

Cliquez ici pour prendre le quiz!

Statistiques générales

  • Ce quiz a été pris 28 fois
  • Le résultat moyen est 34 sur 54

Statistiques - réponses

AnnéeVainqueur% Correct
2023Djokovic
96%
2015Djokovic
96%
2008Djokovic
96%
2012Djokovic
96%
2013Djokovic
96%
2014Djokovic
96%
2022Djokovic
96%
2011Federer
96%
2003Federer
96%
2004Federer
96%
2006Federer
96%
2007Federer
96%
2010Federer
96%
2016Murray
86%
2018Zverev
79%
2021Zverev
79%
1990Agassi
71%
2020Medvedev
71%
2019Tsitsipas
71%
1980Borg
68%
1979Borg
68%
1996Sampras
68%
1999Sampras
68%
1997Sampras
68%
1994Sampras
68%
1991Sampras
68%
1981Lendl
64%
1982Lendl
64%
1985Lendl
64%
1986Lendl
64%
1987Lendl
64%
2017Dimitrov
57%
1978McEnroe
57%
1983McEnroe
57%
1984McEnroe
57%
1977Connors
54%
2000Kuerten
54%
1988Becker
50%
1995Becker
50%
1992Becker
50%
1989Edberg
50%
2002Hewitt
46%
2001Hewitt
46%
1973Nastase
32%
1971Nastase
32%
1972Nastase
32%
1975Nastase
32%
2009Davydenko
29%
2005Nalbandian
25%
1970Smith
25%
1998Corretja
21%
1974Vilas
18%
1976Orantes
14%
1993Stich
11%

Distribution des résultats

Percentile par nombre de réponses

% des personnes avec chaque résultat

Votre développement - résultats

Vous n’avez pas pris ce quiz